Sports Quiz

Random Sports or Basketball Quiz

WNBA Teams on a Map Quiz Stats

 Plays Quiz Updated May 9, 2016

Challenge
Share
Tweet
Score 0/12 Timer 04:00
0 Plays Today
% Correct
Los Angeles Sparks
79.9%
Minnesota Lynx
74%
New York Liberty
72.4%
Atlanta Dream
61.6%
Connecticut Sun
60.6%
Chicago Sky
59.8%
Phoenix Mercury
58%
Indiana Fever
56.9%
Seattle Storm
56.4%
Washington Mystics
53.1%
Las Vegas Aces
42.8%
Dallas Wings
27.8%

You're not logged in!

Compare scores with friends on all Sporcle quizzes.
OR
Log In

You Might Also Like...

Show Comments

Extras

Top Quizzes Today


Score Distribution

Your Account Isn't Verified!

In order to create a playlist on Sporcle, you need to verify the email address you used during registration. Go to your Sporcle Settings to finish the process.

Report this User

Report this user for behavior that violates our Community Guidelines.

Details: